Нотная тетрадь для голоса с фортепиано. Музыка неустановленного автора

Доступно только в Электронных читальных залах Найти на картеНа карте
RUSMARC
00003476nmc2a2200000 x 450
001bfd267a4-0b7d-4bf0-9169-ffb5eede780c
00520151218200803.0
100##$a20150914l18201830k l0rusy0189 ca
1010#$arus
102##$aRU
2001#$aНотная тетрадь для голоса с фортепиано. Музыка неустановленного автора
$j1820-1830 гг.
251##$cДело
300##$aДело
801#0$aRU
$bРГИА
$c20150914
$gRCR
801#1$aRU
$bГлавНИВЦ
$c20150914
$2rusmarc
801#2$aRU
$bПБ им. Б.Н. Ельцина
$c20151218
$gRCR
$2rusmarc
850##$aРГИА
852##$aРГИА
$eФедеральное казенное учреждение "Российский государственный исторический архив" (РГИА)
$j1465
937##$hРГИА
$d12148443
$aASBIBLIO_SCAN
462#0$1001822e29f6-cf5c-4253-b938-c1de610979e5
$12001
$aАрхив князей Васильчиковых. 1706-1917 гг.
$1251
$cОпись
$1852
$j1
461#0$1001f72a1ecb-9a9a-44e3-87ff-4a647e6521fe
$12001
$aВасильчиковы, князья
$1251
$cФонд
$1852
$j651
215##$a15 л.
$d22,3х17,6 см
$cмуз. произв.
371##$aДокумент не является опубликованным и широко распространяемым
105##$ag###
1220#$ad
035##$abfd267a4-0b7d-4bf0-9169-ffb5eede780c
Формат отображения